000 00310nam a22001457a 4500
008 231102b ||||| |||| 00| 0 eng d
020 _a0716700921
041 _aeng
080 _a575
082 _a575FRE
100 _a13
101 _aBIOKIMI
245 _aRECOMBIANT DNA
_cFREIFELDER.D
942 _2udc
_cBK
999 _c60488
_d60488